👻BOOO!!! Countrieeees of the Woooorld in ghooooooost with a maaap! - Statistics

General Stats
  • This quiz has been taken 19 times
    18 since last reset
  • The average score is 55 of 64
Answers on the Map
Answers color-coded by a green-red scale on the quiz's map according to % correct below.
 
Answer Stats
👻Countries👻 % Correct
China
100%
India
100%
Poland
100%
Russia
100%
Ukraine
100%
Afghanistan
93%
Bangladesh
93%
Belarus
93%
Cyprus
93%
Egypt
93%
Greece
93%
Iran
93%
Iraq
93%
Israel
93%
Latvia
93%
Libya
93%
Oman
93%
Pakistan
93%
Saudi Arabia
93%
Tunisia
93%
Turkey
93%
Yemen
93%
Albania
86%
Algeria
86%
Bulgaria
86%
Chad
86%
Finland
86%
Italy
86%
Jordan
86%
Kazakhstan
86%
Kyrgyzstan
86%
Lithuania
86%
Malta
86%
Moldova
86%
Mongolia
86%
Nepal
86%
North Macedonia
86%
Romania
86%
Serbia
86%
Slovakia
86%
Slovenia
86%
Sudan
86%
Syria
86%
Turkmenistan
86%
Uzbekistan
86%
Austria
79%
Azerbaijan
79%
Bhutan
79%
Bosnia and Herzegovina
79%
Croatia
79%
Eritrea
79%
Estonia
79%
Hungary
79%
Kosovo
79%
Kuwait
79%
Lebanon
79%
Montenegro
79%
Myanmar
79%
Niger
79%
Tajikistan
79%
Thailand
79%
Vatican City
79%
Armenia
71%
Czech republic
71%
No matching quizzes found
Score Distribution
Percent of People with Each Score
Percentile by Number Answered
Your Score History
You have not taken this quiz since the last reset